Plant biochemistry (Record no. 121328)

MARC details
000 -LEADER
fixed length control field 00457nam a2200193Ia 4500
008 - FIXED-LENGTH DATA ELEMENTS--GENERAL INFORMATION
fixed length control field 210210b2013 xxu||||| |||| 00| 0 eng d
020 ## - INTERNATIONAL STANDARD BOOK NUMBER
International Standard Book Number 9789382291183
041 ## - LANGUAGE CODE
Language code of text/sound track or separate title eng
082 ## - DEWEY DECIMAL CLASSIFICATION NUMBER
Classification number 581.192 DEYP
100 ## - MAIN ENTRY--PERSONAL NAME
Personal name DEY (P M)
245 ## - TITLE STATEMENT
Title Plant biochemistry
260 ## - PUBLICATION, DISTRIBUTION, ETC.
Place of publication, distribution, etc. Amsterdam
Name of publisher, distributor, etc. Elseveir
Date of publication, distribution, etc. 2013
300 ## - PHYSICAL DESCRIPTION
Extent viii,554
650 ## - SUBJECT ADDED ENTRY--TOPICAL TERM
Topical term or geographic name entry element Plant
650 ## - SUBJECT ADDED ENTRY--TOPICAL TERM
Topical term or geographic name entry element biochemistry
690 ## - LOCAL SUBJECT ADDED ENTRY--TOPICAL TERM (OCLC, RLIN)
Topical term or geographic name as entry element Plant Physiology
700 ## - ADDED ENTRY--PERSONAL NAME
Personal name HARBORNE (J B) Ed
906 ## - LOCAL DATA ELEMENT F, LDF (RLIN)
a 071589
Holdings
Withdrawn status Lost status Damaged status Not for loan Collection code Home library Current library Shelving location Date acquired Source of acquisition Cost, normal purchase price Total Checkouts Full call number Barcode Date last seen Price effective from Koha item type
          St Aloysius Library St Aloysius Library   02/17/2021 Super Book Services, Near Bangalore University, Bangalore-560056 1395.00   581.192 DEYP 071589 02/17/2021 02/17/2021 Book